000 00396nam a2200169Ia 4500
008 230524s9999 xx 000 0 und d
020 _a9789350140420
082 _bGIL
100 _aP.S.Gill
_942027
245 2 _aA Text Book of Automobile-II
250 _a2
260 _aNew Delhi
_bKatson
_c2012
300 _a874p:
500 _aQuantity Number: 1
650 _aMechanics
942 _cBK
999 _c56444
_d56444